Die besten Torschützen bei Weltmeisterschaften (Ewige Rangliste) - Statistiken

Allgemein
  • Dieses Quiz wurde 1.201 mal gespielt
  • Das Durchschnittsergebnis liegt bei 5 aus 12
Antwortstatistiken
Hint Antwort % Korrekt
Deutschland/ 14 Klose
96%
Deutschland/ 14 Müller
96%
Brasilien/ 15 Tore Ronaldo
96%
Brasilien/ 12 Pelé
75%
Deutschland/ 11 Klinsmann
43%
Frankreich/ 13 Fontaine
30%
England/ 10 Lineker
21%
Deutschland/ 10 Rahn
19%
Argentinien/ 10 Batistuta
16%
Polen/ 10 Lato
15%
Peru/ 10 Cubillas
8%
Ungarn/ 11 Kocsis
7%
Keine übereinstimmenden Quizze gefunden
Verteilung der Resultate
Anzahl Personen mit jedem Resultat
Perzentil nach korrekt beantworteten Fragen
Ihre Resultats-Entwicklung
Sie haben dieses Quiz noch nicht gespielt